Manchester Derby XIs 2007-2012 - Statistics

General Stats
  • This quiz has been taken 174 times
  • The average score is 37 of 70
Answer Stats
Answer % Correct
Cristiano Ronaldo
94%
Wayne Rooney
94%
Joe Hart
91%
Edwin van der Sar
90%
Rio Ferdinand
90%
David de Gea
89%
Sergio Agüero
89%
Nemanja Vidić
88%
Paul Scholes
88%
Carlos Tévez
85%
Patrice Evra
84%
Rafael Da Silva
84%
Ryan Giggs
84%
Vincent Kompany
83%
David Silva
80%
Michael Carrick
77%
Yaya Touré
75%
Gary Neville
74%
Dimitar Berbatov
72%
Kolo Touré
72%
Mario Balotelli
72%
Micah Richards
71%
Pablo Zabaleta
70%
Nani
68%
Wes Brown
66%
Darren Fletcher
64%
Gaël Clichy
64%
John O'Shea
64%
Phil Jones
62%
Samir Nasri
60%
Gareth Barry
59%
Jonny Evans
59%
Robinho
59%
Aleksandar Kolarov
57%
Ji-sung Park
57%
Antonio Valencia
56%
Anderson
55%
James Milner
55%
Joleon Lescott
55%
Ashley Young
54%
Chris Smalling
54%
Danny Welbeck
47%
Owen Hargreaves
43%
Emmanuel Adebayor
41%
Nigel de Jong
41%
Shay Given
41%
Adam Johnson
40%
Michael Johnson
40%
Stephen Ireland
40%
Shaun Wright-Phillips
38%
Richard Dunne
37%
Craig Bellamy
35%
Elano
33%
Kasper Schmeichel
33%
Ben Foster
24%
Darron Gibson
24%
Wayne Bridge
19%
Darius Vassell
16%
Benjani Mwaruwari
15%
Martin Petrov
14%
Jérôme Boateng
13%
Dietmar Hamann
9%
Nedum Onuoha
9%
Vedran Ćorluka
8%
Michael Ball
7%
Javier Garrido
6%
Geovanni
5%
Gelson Fernandes
4%
Valeri Bojinov
4%
Felipe Caicedo
3%
No matching quizzes found
Score Distribution
Percent of People with Each Score
Percentile by Number Answered
Your Score History
You have not taken this quiz